000 00777nam a2200265Ia 4500
005 20260302115843.0
008 008 260114s9999 xx 000 0 eng d
020 _a9781509952847
037 _aTextbook
040 _aCRL
040 _beng
040 _cCRL
041 _2eng
041 _aeng
084 _qCRL
100 _aMichael Lysander Fremuth, Jörn Griebel and Robert Heintsch
_91122866
245 0 _aNatural Resources and International Law - Developments and Challenges A Liber Amicorum in Honour of Stephan Hobe
260 _bBloomsbury
260 _bNomos/Hart
260 _c2021
650 _aLaw
856 _uhttps://doi.org/10.5040/9781509952847?locatt=label:secondary_bloomsburyCollections
942 _cEBOOK
999 _c1687694
_d1687694